Seleccion argentina de fútbol en el mundial de 2026 - Estadísticas

Estadísticas generales
  • Esta prueba ha sido intentada 25 veces
    20 desde el último reinicio
  • La puntuación promedio es 15 de 27
Estadísticas de respuestas
Jugador % Correcto
Lionel Messi
100%
Emiliano Martínez
92%
Lisandro Martínez
92%
Julián Álvarez
77%
Alexis Mac Allister
69%
Cristian Romero
62%
Enzo Fernández
62%
Nicolás Tagliafico
62%
Rodrigo De Paul
62%
Gonzalo Montiel
54%
Juan Musso
54%
Leandro Paredes
54%
Nahuel Molina
54%
Nicolás Otamendi
54%
Gerónimo Rulli
46%
Giuliano Simeone
46%
José Manuel López
46%
Lautaro Martínez
46%
Lionel Scaloni
46%
Thiago Almada
46%
Exequiel Palacios
38%
Facundo Medina
38%
Giovani Lo Celso
38%
Nicolás Paz
38%
Leonardo Balerdi
31%
Nicolás González
31%
Valentín Barco
31%
No se encontraron pruebas coincidentes
Distribución de puntuación
Porcentaje de gente con cada puntuación
Porcentaje por número respondido
Historial de tus puntuaciones
No has intentado esta prueba desde el último reinicio